PGT 33 años de lucha. Por Guatemala la revolución y el socialismo
Na minha lista:
| Autor Corporativo: | |
|---|---|
| Formato: | Texto |
| Publicado em: |
Guatemala:
Partido Guatemalteco del Trabajo
|
| Tags: |
Adicionar Tag
Sem tags, seja o primeiro a adicionar uma tag!
|
MARC
| LEADER | 00000 a a2200000 04500 | ||
|---|---|---|---|
| 001 | 20814 | ||
| 003 | |||
| 040 | |||
| 090 | |a 088900 | ||
| 110 | |a Partido Guatemalteco del Trabajo | ||
| 245 | |a PGT 33 años de lucha. Por Guatemala la revolución y el socialismo | ||
| 260 | |a Guatemala: |b Partido Guatemalteco del Trabajo | ||
| 300 | |a 28 p. | ||
| 999 | |c 14831 |d 14831 | ||
